00681cam a22002173a 450000100060000000300060000600500170001200800410002904000150007004200070008505000070009210000320009924500640013126000290019550600730022451600200029765300490031765300260036683000290039285600420042119278PGUSA20140828083417.0060917s2006||||xxu|||||s|||||000 | eng d aPGUSAbeng adc 4aBP1 aShoghi, Effendi,d1897-195710aMessages to Canadah[electronic resource] /cEffendi Shoghi bProject Gutenberg,c2006 aCopyrighted. Read the copyright notice inside this book for details. aElectronic text aShoghi, Effendi, 1897-1957 -- Correspondence aBahai Faith -- Canada 0aProject Gutenbergv1927840uhttp://www.gutenberg.org/ebooks/19278